000
00315nam a22001457a 4500
008
230913b ||||| |||| 00| 0 eng d
020
_a
0716705192
041
_a
eng
080
_a
521
082
_a
521FRE
100
_a
19
101
_a
ASTRO
245
_a
NEW FRONTIERS IN ASTRONOMY
_c
FREEMAN
942
_2
udc
_c
BK
999
_c
60380
_d
60380